000 01701nam a2200349 i 4500
001 768714001
003 CO-MdFUSB
005 20210421084759.0
007 ta
008 200707t1998 ck |||| |||| 00| 0 spa d
020 _a9582004312
040 _aCO-MdFUSB
_bspa
_cCO-MdFUSB
_dCO-MdFUSBC
_erda
041 _aspa
082 _223
_a370.118
_bJ61
100 _aJiménez Vélez, Carlos Alberto
_d1953-
_eautor
245 1 _aPedagogía de la creatividad y de la lúdica
_b: emociones, inteligencia y habilidades secretas
_c/ Carlos Alberto Jiménez Vélez
250 _aPrimera edición
264 1 _aBogotá, Colombia :
_bCooperativa Editorial Magisterio,
_c[1998]
264 4 _c©1998
300 _a169 páginas
_c; 21 cm
336 _2rdacontent
_atexto
_btxt
337 _2rdamedia
_asin mediación
_bn
338 _2rdacarrier
_avolumen
_bnc
490 _aColección mesa redonda
504 _aBibliografía (páginas -169)
505 _aLos espacios de la emocionalidad y la creatividad -- El placer de la lúdica -- La lúdica del sin sentido -- La caótica creativa -- La pedagogía de la lúdica -- Inteligencia emocional y epistema -- Desarrollo creativo -- Fantasías , fascinaciones y habilidades secretas
520 _aAnte la necesidad de que los docente indaguen, investiguen y participen en un debate constructivo sobre los temas inmediatos y trascendentes que la educación colombiana requiere, la Cooperativa Editorial Magisterio entrega la colección mesa redonda como un elemento más de análisis útil, tanto para los maestros nuevos como para los maestros experimentados.
563 _aRústico
650 7 _972
_aPsicología social
942 _cBK
945 _aDani
999 _c66481
_d66481